La Fontaine'in masalları / (Record no. 21398)

MARC details
000 -BAŞLIK
Sabit Uzunluktaki Kontrol Alanı 00728nam a22002177a 4500
003 - KONTROL NUMARASI KİMLİĞİ
Kontrol Alanı koha_MIRAKIL
005 - EN SON İŞLEM TARİHİ ve ZAMANI
Kontrol Alanı 20250114111136.0
008 - SABİT UZUNLUKTAKİ VERİ ÖGELERİ - GENEL BİLGİ
Sabit Alan 250114b |||||||| |||| 00| 0 ||| d
020 ## - ISBN - ULUSLARARASI STANDART KİTAP NUMARASI
Isbn 9789750805462
040 ## - KATALOGLAMA KAYNAĞI
Özgün Kataloglama Kurumu TR-IsEVY
Kataloglama Dili tur
Çeviri Kurumu TR-IsEVY
082 ## - DEWEY ONU SINIFLAMA SİSTEMİ
Sınıflama Numarası 398.2 KAN/L
100 ## - KİŞİ ADI
Yazar Adı (Kişi adı) Kanık, Orhan Veli
245 #0 - ESER ADI BİLDİRİMİ
Başlık La Fontaine'in masalları /
Sorumluluk Bildirimi Orhan Veli Kanık ; resimleyen Dağıstan Çetinkaya.
250 ## - BASIM BİLDİRİMİ
Basım Bildirimi 5. bs.
260 ## - YAYIN, DAĞITIM, VB.
Yayın Yeri İstanbul :
Yayınevi Yapı Kredi Kültür Sanat Yayıncılık,
Yayın Tarihi 2005.
300 ## - FİZİKSEL TANIMLAMA
Sayfa, Cilt vb. 93 s. :
Diğer fiziki detaylar renkli resimli ;
Boyutları 21 cm.
650 ## - KONU BAŞLIĞI EK GİRİŞ - KONU TERİMİ
Konusal terim veya coğrafi ad Children's literature -- Tales.
650 ## - KONU BAŞLIĞI EK GİRİŞ - KONU TERİMİ
Konusal terim veya coğrafi ad Çocuk edebiyatı -- Masal.
Alt başlık biçimi La Fontaine.
700 1# - EK GİRİŞ - KİŞİ ADI
Yazar Adı (Kişi adı) Çetinkaya, Dağıstan.
Ünvan resimleyen.
942 ## - EK GİRİŞ ÖGELERİ (KOHA)
Source of classification or shelving scheme Dewey Decimal Classification
Koha item type Kitap
Holdings
Kayıp Durumu Sınıflandırma Kaynağı Hasarlı Durumu Koleksiyon Kodu Kalıcı Konum Mevcut Konum Kayıt Tarih Edinim Kaynağı Toplam Ödünçverme Yer Numarası Demirbaş Numarası Son Görülme Tarihi Fatura Tarihi Materyal Türü
  Dewey Decimal Classification   İlkokul İLKOKUL KÜTÜPHANESİ İLKOKUL KÜTÜPHANESİ 14/01/2025 Bağış   398.2 KAN/L 22660 14/01/2025 14/01/2025 Kitap